Normal view
MARC view
- Capital investments
Entry Topical Term
001 - CONTROL NUMBER
- control field: 2295
003 - CONTROL NUMBER IDENTIFIER
- control field: NUST
005 - DATE AND TIME OF LATEST TRANSACTION
- control field: 20170608123132.0
008 - FIXED-LENGTH DATA ELEMENTS
- fixed length control field: 170608|| aca||aabn | a|a d
040 ## - CATALOGING SOURCE
- Original cataloging agency: NUST
- Transcribing agency: NUST
150 ## - HEADING--TOPICAL TERM
- Topical term or geographic name entry element: Capital investments
- General subdivision: Evaluation.
670 ## - SOURCE DATA FOUND
- Source citation: Work cat.: (NUST)23734: John R.Canada William G. Sullivan Dennis J> Kulonda John A. White 2294, Capital investment analysis for engineering and management /, c2005.
